000 00278nam a2200121Ia 4500
008 190216s9999||||xx |||||||||||||| ||und||
100 _aJoseph Conrad
245 0 _aLord Jim
260 _bMacmillan
_c1977
300 _a94p
650 _aEnglish Novel-English Novel
942 _cBK
999 _c12625
_d12625